00466 2200181 4500001002100000005001500021008004100036020001800077035001900095041000700114082000800121090001600129100002000145245004000165260002000205300002900225650003000254INLIS00000000000658820241224113321241224||||||||| | ||| |||| || |  a9786028800464 0010-1224006588 aid0 a721 a721.5 IDE r0 aIden Wildensyah00aRangka Atap Baja Ringan untuk semua bAlfa Betac2013 aviii+164; 14,5 x 20,5 cm 0aArsitektur -- baja ringan